Notas sobre el derecho civil turco

保存先:
書誌詳細
第一著者: Moisset de Espanés, Luis (autor)
フォーマット: 図書
言語:スペイン語
出版事項: Córdoba Universidad Nacional de Córdoba 1972
主題:
タグ: タグ追加
タグなし, このレコードへの初めてのタグを付けませんか!

MARC

LEADER 00000nam a2200000 a 4500
001 UCS1714
003 CL-VaPUC
008 970515e19720900AG |||||||||||||||||spa|d
082 0 4 |a 346.561  |b MOI  |2 21 
100 |a Moisset de Espanés, Luis  |e autor  |9 548947 
245 1 0 |a Notas sobre el derecho civil turco 
300 |a 21 p 
942 |c BK 
945 |d 19970515 00:00:00  |a paguirre 
260 |a Córdoba  |b Universidad Nacional de Córdoba  |c 1972 
650 0 |a Derecho civil  |9 255013 
650 0 |a Obligaciones   |9 255578 
650 0 |a Derecho de familia  |9 255603 
650 0 |a Bienes  |9 255749 
650 7 |a MATRIMONIO  |2 CL-VaPUC  |9 386439 
650 0 |a Divorcio  |9 256204 
650 0 |a Derechos reales  |9 257708 
651 7 |a TURQUIA  |2 CL-VaPUC  |9 343267 
583 |a last modification  |c 19970515 00:00:00  |k Rodrigo Vera 
999 |c 259746  |d 259744 
952 |0 0  |1 0  |2 ddc  |4 0  |6 346_561000000000000_MOI_1972  |7 0  |8 A  |9 285050  |a BIBDER  |b BIBDER  |d 2019-11-19  |i 1850075  |o 346.561 MOI 1972  |p 1850075  |r 2023-01-25  |w 2019-11-19  |y MX  |k DER 
952 |0 0  |1 0  |2 ddc  |4 0  |6 346_561000000000000_MOI_1972  |7 0  |8 A  |9 285051  |a BIBDER  |b BIBDER  |d 2019-11-19  |i 1850083  |o 346.561 MOI 1972  |p 1850083  |r 2023-01-25  |w 2019-11-19  |y MX  |k DER